000
00479nam a2200181Ia 4500
008
090124s9999 xx 000 0 und d
082
_b
16997
_a
5816
100
_a
पै शिरीष
245
_a
संधिप्रकाश
250
_a
1
260
_c
1968
300
_a
148
600
_a
पै शिरीष
630
_a
संधिप्रकाश
700
_a
पै शिरीष
730
_a
संधिप्रकाश
942
_c
BOOK
999
_c
130937
_d
130937